000 01433nam a2200289 i 4500
001 bg
245 0 0 _aStateczność podziemnych wyrobisk górniczych i zjawiska dynamiczne w górotworze :
_bXVII Zimowa Szkoła Mechaniki Górotworu, Szklarska Poręba, 14-18 marca 1994 r. /
_c[red. nauk. Andrzej Wojtaszek].
246 1 1 _aStability of underground excavations and dynamic phenomena in rock mass
260 _aWrocław :
_bWydaw. PW,
_c1994.
300 _a302 s. :
_b2 fot., 1 portr., rys., wykr. ;
_c24 cm.
490 1 _aPrace Naukowe Instytutu Geotechniki i Hydrotechniki Politechniki Wrocławskiej. Konferencje =
_aScientific Papers of the Institute of Geotechnics and Hydroengineering of the Technical University of Wrocław. Conferences,
_x1230-3100 ;
_v33
500 _aNumeracja ser. gł. : 65.
504 _aBibliogr., summ. przy ref.
600 1 9 _aGergowicz Zdzisław
650 9 _aMechanika gruntów
_xgórnictwo
650 9 _aObudowa górnicza
650 9 _aStateczność
655 _aMateriały konferencyjne
700 1 _aWOJTASZEK, Andrzej.
_eRed.
711 2 _aZimowa Szkoła Mechaniki Górótworu
_n(17 ;
_d1994 ;
_cSzklarska Poręba)
_eak
830 0 _aPrace Naukowe Instytutu Geotechniki i Hydrotechniki Politechniki Wrocławskiej.
_pKonferencje ;
_v33
040 _cBPK
041 0 _apl
_ben
080 _a622.83/.84::624.131.2/.6:622.2](061.3)
942 _cKS
008 s pl f |000 0 pol
999 _c30298
_d30298
856 _uhttp://koha.tu.koszalin.pl/cgi-bin/koha/opac-detail.pl?biblionumber=30298
_yKatalog online BPK